40 hadis Imam An-Nawawi
| Other Authors: | |
|---|---|
| Format: | Book |
| Published: |
Batu Caves :
Pustaka Al-Ehsan ,
2013
|
| Subjects: |
MARC
| LEADER | 00000cam a2200000 7i4500 | ||
|---|---|---|---|
| 001 | 0000183429 | ||
| 005 | 20150112.0 | ||
| 020 | |a 9789670482200 | ||
| 090 | 0 | 0 | |a 297.125 |b EMP |
| 245 | 0 | 0 | |a 40 hadis Imam An-Nawawi |c Mohd. Aiman Az Zuhairi [penyusun] |
| 260 | |a Batu Caves : |b Pustaka Al-Ehsan , |c 2013 | ||
| 300 | |a 228p. ; |c 21cm. | ||
| 650 | 0 | |a Hadith |v Texts | |
| 650 | 0 | |a Hadith |x Criticism, interpretation, etc | |
| 700 | 0 | |a Mohd. Aiman Az-Zuhairi | |
| 999 | |a 00302033 |b BUKU |c PINJAMAN |e PERPUSTAKAAN KOMUNITI PETALING JAYA | ||